000 00199nam a2200085Ia 4500
008 120527s9999 xx 000 0 und d
100 _aKieso & Weygand
245 _aIntermediate Accounting
942 _cBK
999 _c27269
_d27269